[Event "Subotica TS03 IM"]
[Site "Subotica"]
[Date "2003.03.31"]
[Round "9"]
[White "Bozzali, Ermanno"]
[Black "Buljovcic, Ivan"]
[Result "1/2-1/2"]
[WhiteElo "2135"]
[BlackElo "2320"]
[PlyCount "99"]
[EventDate "2003.03.23"]
[EventType "tourn"]
[EventRounds "9"]
[EventCountry "YUG"]
[EventCategory "3"]
[SourceTitle "CBM 093 Extra"]
[Source "ChessBase"]
[SourceDate "2003.05.09"]
[SourceVersion "1"]
[SourceVersionDate "2003.05.09"]
[SourceQuality "1"]

1. e4 c6 2. d4 d5 3. Nc3 dxe4 4. Nxe4 Nd7 5. Nf3 Ngf6 6. Ng3 Qc7 7. Bc4 e6 8. Qe2 Be7 9. Bd2 0-0 10. Ne5 Nb6 11. Bd3 c5 12. c3 cxd4 13. cxd4 Nbd5 14. 0-0 Bd7 15. Rfd1 Rfc8 16. Nh5 Be8 17. Nxf6+ Bxf6 18. Qe4 g6 19. h4 Qe7 20. h5 Nb4 21. hxg6 hxg6 22. Bb1 Bc6 23. Qg4 Nd5 24. a4 Qd6 25. Re1 Ne7 26. Ra3 Bg7 27. Rh3 Nf5 28. Bc3 Rd8 29. d5 Qxd5 30. Be4 Qd6 31. Nxc6 bxc6 32. Rd3 Qc7 33. Red1 Bxc3 34. Rxc3 Rxd1+ 35. Qxd1 Rd8 36. Qc1 Nd4 37. Kf1 Qe5 38. Qe3 Rd6 39. f4 Qa5 40. Rc4 Qa6 41. b3 Nf5 42. Qf2 Rd4 43. Bxf5 Rxc4 44. bxc4 Qxc4+ 45. Kg1 Qc1+ 46. Kh2 gxf5 47. Qxa7 Qxf4+ 48. g3 Qd2+ 49. Kh3 Qd8 50. Kg2 1/2-1/2

[Event "Subotica TS03 IM"]
[Site "Subotica"]
[Date "2003.03.25"]
[Round "3"]
[White "Feletar, Darko"]
[Black "Buljovcic, Ivan"]
[Result "1/2-1/2"]
[WhiteElo "2434"]
[BlackElo "2320"]
[PlyCount "110"]
[EventDate "2003.03.23"]
[EventType "tourn"]
[EventRounds "9"]
[EventCountry "YUG"]
[EventCategory "3"]
[SourceTitle "CBM 093 Extra"]
[Source "ChessBase"]
[SourceDate "2003.05.09"]
[SourceVersion "1"]
[SourceVersionDate "2003.05.09"]
[SourceQuality "1"]

1. e4 e6 2. d4 d5 3. Nc3 dxe4 4. Nxe4 Bd7 5. Nf3 Bc6 6. Bd3 Nd7 7. 0-0 Be7 8. Re1 Ngf6 9. Ned2 b6 10. Nc4 Bb7 11. Nce5 Nxe5 12. dxe5 Nd7 13. Nd4 c5 14. Nb5 a6 15. Nd6+ Bxd6 16. exd6 Nf6 17. Bf4 Qd7 18. c4 Qc6 19. Bf1 Rd8 20. Re3 0-0 21. Rg3 Ne4 22. Rh3 f6 23. Qh5 e5 24. Qxh7+ Kf7 25. Bh6 Rg8 26. f3 Nxd6 27. Rg3 Ne8 28. Qg6+ Ke7 29. Be3 Qd7 30. b4 Qc6 31. bxc5 bxc5 32. Rb1 Nd6 33. Rd1 Bc8 34. Rd5 Nb7 35. Rxe5+ Be6 36. Re4 Nd6 37. Rf4 Bf7 38. Qh7 g5 39. Rxf6 Kxf6 40. Qh6+ Ke7 41. Bxg5+ Kd7 42. Bxd8 Rxg3 43. hxg3 Kxd8 44. g4 Qd7 45. Qg5+ Qe7 46. Qxc5 Nxc4 47. Qd4+ Qd7 48. Qf6+ Qe7 49. Qxa6 Qc5+ 50. Kh1 Ne3 51. Qd3+ Ke7 52. Qe4+ Kf8 53. Bd3 Qc1+ 54. Kh2 Nf1+ 55. Bxf1 Qxf1 1/2-1/2

[Event "Srajber Memorial 07th"]
[Site "Subotica"]
[Date "2001.11.16"]
[Round "11"]
[White "Buljovcic, Ivan"]
[Black "Badea, Bela"]
[Result "1/2-1/2"]
[WhiteElo "2374"]
[BlackElo "2530"]
[PlyCount "82"]
[EventDate "2001.11.05"]
[EventType "tourn"]
[EventRounds "13"]
[EventCountry "YUG"]
[EventCategory "8"]
[SourceTitle "EXT 2002"]
[Source "ChessBase"]
[SourceDate "2001.11.25"]
[SourceVersion "1"]
[SourceVersionDate "2001.11.25"]
[SourceQuality "1"]

1. e4 g6 2. d4 Bg7 3. Nc3 d6 4. Bc4 e6 5. Nf3 a6 6. Bg5 Ne7 7. a4 b6 8. Qd2 h6 9. Be3 Bb7 10. 0-0 Nd7 11. h3 g5 12. Nh2 Ng6 13. Bd3 c5 14. Ne2 cxd4 15. Bxd4 Bxd4 16. Nxd4 Qc7 17. Ne2 Nf6 18. Ng3 Rd8 19. Ra3 Nf4 20. Rc3 Qb8 21. Rb3 Nd7 22. Qc3 Ke7 23. Re1 f6 24. Bf1 Rc8 25. Qd2 Rc5 26. Rbe3 Qc7 27. c4 Ne5 28. b3 a5 29. Nf3 Nxf3+ 30. Rxf3 Re5 31. Rfe3 h5 32. Ne2 Nxe2+ 33. Qxe2 Qc5 34. Kh2 Qb4 35. Kg1 Rc5 36. g3 h4 37. g4 Rc7 38. Bg2 Qc5 39. Rf1 Qe5 40. Qd2 Rd8 41. Rd1 Rcd7 1/2-1/2

[Event "Srajber Memorial 07th"]
[Site "Subotica"]
[Date "2001.11.15"]
[Round "10"]
[White "Pap, Misa"]
[Black "Buljovcic, Ivan"]
[Result "1-0"]
[WhiteElo "2422"]
[BlackElo "2374"]
[PlyCount "53"]
[EventDate "2001.11.05"]
[EventType "tourn"]
[EventRounds "13"]
[EventCountry "YUG"]
[EventCategory "8"]
[SourceTitle "EXT 2002"]
[Source "ChessBase"]
[SourceDate "2001.11.25"]
[SourceVersion "1"]
[SourceVersionDate "2001.11.25"]
[SourceQuality "1"]

1. e4 e6 2. d4 d5 3. e5 c5 4. c3 Qb6 5. Nf3 Bd7 6. Bd3 Bb5 7. dxc5 Bxc5 8. b4 Bf8 9. Na3 Bxd3 10. Qxd3 Nc6 11. 0-0 a6 12. Re1 Qc7 13. b5 Na5 14. Nd4 Bc5 15. bxa6 bxa6 16. Nb3 Bxa3 17. Bxa3 Nc4 18. Qg3 g6 19. Bd6 Qd8 20. Rab1 Nf6 21. Nc5 Nh5 22. Qg4 Nxd6 23. Nxe6 fxe6 24. Qxe6+ Kf8 25. exd6 Ra7 26. Qxd5 Rd7 27. Re7 1-0

[Event "Srajber Memorial 07th"]
[Site "Subotica"]
[Date "2001.11.14"]
[Round "9"]
[White "Buljovcic, Ivan"]
[Black "Benkovic, Petar"]
[Result "0-1"]
[WhiteElo "2374"]
[BlackElo "2413"]
[PlyCount "90"]
[EventDate "2001.11.05"]
[EventType "tourn"]
[EventRounds "13"]
[EventCountry "YUG"]
[EventCategory "8"]
[SourceTitle "EXT 2002"]
[Source "ChessBase"]
[SourceDate "2001.11.25"]
[SourceVersion "1"]
[SourceVersionDate "2001.11.25"]
[SourceQuality "1"]

1. e4 c5 2. Nf3 e6 3. c3 Nf6 4. e5 Nd5 5. d4 cxd4 6. Qxd4 Nc6 7. Qe4 f5 8. Qe2 Qc7 9. g3 b5 10. Bg2 a5 11. 0-0 Ba6 12. Re1 Bc5 13. b3 0-0 14. Bb2 Ra7 15. Qc2 Qb6 16. a4 bxa4 17. Rxa4 Rb8 18. Ba3 Rab7 19. c4 Ndb4 20. Qe2 Rc7 21. Bb2 Bxf2+ 22. Qxf2 Qxf2+ 23. Kxf2 Nd3+ 24. Ke2 Nxb2 25. Ra3 g5 26. Rc1 a4 27. Rc2 Nxc4 28. bxc4 Rxb1 29. Rxa4 Nb4 30. Nd2 Nxc2 31. Nxb1 Bxc4+ 32. Kd2 Kf7 33. Nc3 Nd4 34. Ra8 Nb3+ 35. Kc2 Nc5 36. Kd2 Nb3+ 37. Kc2 Rc5 38. Na4 Rxe5 39. Nb6 d5 40. Nxc4 dxc4 41. Bf1 Nd4+ 42. Kc3 Nf3 43. Ra2 h5 44. Bxc4 Re3+ 45. Kb4 h4 0-1

[Event "Srajber Memorial 07th"]
[Site "Subotica"]
[Date "2001.11.07"]
[Round "3"]
[White "Buljovcic, Ivan"]
[Black "Jakab, Attila"]
[Result "0-1"]
[WhiteElo "2374"]
[BlackElo "2369"]
[PlyCount "82"]
[EventDate "2001.11.05"]
[EventType "tourn"]
[EventRounds "13"]
[EventCountry "YUG"]
[EventCategory "8"]
[SourceTitle "EXT 2002"]
[Source "ChessBase"]
[SourceDate "2001.11.25"]
[SourceVersion "1"]
[SourceVersionDate "2001.11.25"]
[SourceQuality "1"]

1. e4 c5 2. Nf3 e6 3. c3 Nf6 4. e5 Nd5 5. d4 d6 6. a3 cxd4 7. cxd4 Nc6 8. Bd3 Be7 9. 0-0 0-0 10. Re1 a6 11. Nbd2 dxe5 12. dxe5 Nf4 13. Be4 Nd3 14. Re3 Ndxe5 15. Nxe5 Nxe5 16. Bxh7+ Kxh7 17. Rxe5 Bf6 18. Re3 Kg8 19. Qf3 Bd7 20. Rd3 Qc7 21. Ne4 Be5 22. Qh5 f6 23. Rh3 Bc6 24. Qh7+ Kf7 25. Qh5+ Ke7 26. Qg6 Bxe4 27. Qxe4 Rh8 28. Rxh8 Rxh8 29. g3 Rc8 30. Be3 Qd7 31. Qg4 f5 32. Qb4+ Kf7 33. Bf4 a5 34. Qxa5 Bxf4 35. gxf4 Rc4 36. Qe5 Re4 37. Qc3 Rxf4 38. f3 b5 39. Rc1 Rc4 40. Qe3 f4 41. Qe1 Qd4+ 0-1

[Event "Erkel Memorial op"]
[Site "Gyula"]
[Date "1999.11.10"]
[Round "7"]
[White "Buljovcic, Ivan"]
[Black "Lengyel, Laszlo"]
[Result "1-0"]
[WhiteElo "2344"]
[BlackElo "2200"]
[PlyCount "65"]
[EventDate "1999.11.??"]
[EventType "swiss"]
[EventRounds "9"]
[EventCountry "HUN"]
[SourceTitle "EXT 2004"]
[Source "ChessBase"]
[SourceDate "2003.11.25"]
[SourceVersion "1"]
[SourceVersionDate "2003.11.25"]
[SourceQuality "1"]

1. e4 g6 2. d4 Bg7 3. Nc3 d6 4. h3 a6 5. a4 b6 6. g3 Bb7 7. Bg2 c5 8. Nge2 Nd7 9. 0-0 Qc7 10. Be3 e5 11. dxe5 dxe5 12. Nd5 Bxd5 13. Qxd5 Rc8 14. Qc4 Qb7 15. Nc3 Ne7 16. Rfd1 0-0 17. Bf1 Nb8 18. Nd5 h6 19. Nxe7+ Qxe7 20. Rd5 Rfd8 21. Rad1 Rxd5 22. Rxd5 Qe8 23. Qb3 Qc6 24. a5 b5 25. Rxc5 Qe8 26. Rxc8 Qxc8 27. c4 bxc4 28. Bxc4 Nc6 29. Bxf7+ Kh7 30. Qe6 Qxe6 31. Bxe6 Nxa5 32. Bd5 Bf8 33. Bd2 1-0

[Event "Kecskemet Nyar op"]
[Site "Kecskemet"]
[Date "1999.08.13"]
[Round "5"]
[White "Zollbrecht, Josef"]
[Black "Buljovcic, Ivan"]
[Result "0-1"]
[WhiteElo "2311"]
[BlackElo "2344"]
[PlyCount "76"]
[EventDate "1999.08.09"]
[EventType "swiss"]
[EventRounds "9"]
[EventCountry "HUN"]
[SourceTitle "EXT 2008"]
[Source "ChessBase"]
[SourceDate "2007.11.25"]
[SourceVersion "1"]
[SourceVersionDate "2007.11.25"]
[SourceQuality "1"]

1. e4 c5 2. f4 e6 3. Qe2 d5 4. d3 Nf6 5. Nf3 Be7 6. e5 Nfd7 7. g3 Nc6 8. c3 Rb8 9. Bg2 b5 10. 0-0 b4 11. c4 Nb6 12. b3 a5 13. Bb2 a4 14. Nbd2 axb3 15. axb3 d4 16. Ng5 Bb7 17. Nge4 Ra8 18. Qh5 Rxa1 19. Rxa1 0-0 20. g4 Nd7 21. g5 Qc7 22. Nf6+ gxf6 23. gxf6 Bxf6 24. Be4 Ra8 25. Rxa8+ Bxa8 26. exf6 Kf8 27. Qxh7 Nxf6 28. Qh8+ Ng8 29. Bh7 Nce7 30. Qe5 Qxe5 31. fxe5 Ng6 32. Bxg6 fxg6 33. Kf2 Ne7 34. Bc1 Ke8 35. Nf1 Nc6 36. Bf4 Nd8 37. Nd2 Nf7 38. Kg3 g5 0-1

[Event "YUG-chT"]
[Site "Vrnjacka Banja"]
[Date "1996.??.??"]
[Round "?"]
[White "Buljovcic, Ivan"]
[Black "Gajic, Djordje"]
[Result "1/2-1/2"]
[WhiteElo "2340"]
[BlackElo "2335"]
[PlyCount "69"]
[EventDate "1996.??.??"]
[EventType "team"]
[EventRounds "11"]
[EventCountry "YUG"]
[SourceTitle "EXT 2000"]
[Source "ChessBase"]
[SourceDate "1999.11.16"]
[SourceVersion "1"]
[SourceVersionDate "1999.11.16"]
[SourceQuality "1"]

1. e4 c5 2. Nf3 e6 3. c3 d5 4. exd5 Qxd5 5. d4 Nf6 6. Be2 Be7 7. Na3 0-0 8. Nb5 Na6 9. Bg5 cxd4 10. Qxd4 Bc5 11. Qxd5 Nxd5 12. b4 f6 13. Bd2 Be7 14. a3 Nac7 15. Nbd4 e5 16. Nb3 Be6 17. c4 Nb6 18. Na5 Rab8 19. 0-0 Rfc8 20. Be3 Ne8 21. Rac1 Rc7 22. Nd2 Nc8 23. c5 b6 24. cxb6 axb6 25. Rxc7 Nxc7 26. Nc6 Rb7 27. Rc1 Kf7 28. Bf3 Bd5 29. Bxd5+ Nxd5 30. Nxe5+ fxe5 31. Rxc8 Ra7 32. Nb1 Nxe3 33. fxe3 Rd7 34. Kf2 Rd3 35. Nc3 1/2-1/2

[Event "YUG-chT"]
[Site "Vrnjacka Banja"]
[Date "1996.??.??"]
[Round "?"]
[White "Buljovcic, Ivan"]
[Black "Stamenkovic, Zoran"]
[Result "1-0"]
[WhiteElo "2340"]
[BlackElo "2385"]
[PlyCount "125"]
[EventDate "1996.??.??"]
[EventType "team"]
[EventRounds "11"]
[EventCountry "YUG"]
[SourceTitle "EXT 2000"]
[Source "ChessBase"]
[SourceDate "1999.11.16"]
[SourceVersion "1"]
[SourceVersionDate "1999.11.16"]
[SourceQuality "1"]

1. e4 e6 2. d4 d5 3. Nd2 Nf6 4. Bd3 c5 5. dxc5 dxe4 6. Nxe4 Nxe4 7. Bxe4 Qxd1+ 8. Kxd1 Bxc5 9. Ke2 f5 10. Bd3 Nc6 11. Be3 Bxe3 12. Kxe3 e5 13. Bb5 f4+ 14. Kd2 Bd7 15. Re1 0-0-0 16. Kc1 Rhe8 17. Bd3 h6 18. Nf3 g5 19. h3 Re7 20. Be4 Nb4 21. a3 Na6 22. Nxe5 Rxe5 23. Bxb7+ Kxb7 24. Rxe5 Rg8 25. g3 Nc7 26. h4 Bc6 27. Rd1 gxh4 28. gxh4 Rg2 29. Rd2 Rg1+ 30. Rd1 Rg2 31. Rd2 Rh2 32. h5 Bf3 33. Rd4 Rh1+ 34. Kd2 Rd1+ 35. Kc3 Rh1 36. Kb3 Bxh5 37. Re7 Rh3+ 38. c3 Be8 39. Rb4+ Kc6 40. Rc4+ Kd6 41. Rcxc7 a5 42. a4 Bc6 43. Ka3 Rh1 44. Kb3 Bd5+ 45. c4 Rh3+ 46. Kc2 Bxc4 47. Rxc4 Kxe7 48. Rxf4 Ke6 49. Rf8 Kd5 50. Rf5+ Kc4 51. Rb5 Rf3 52. b3+ Kd4 53. Kb2 Rxf2+ 54. Ka3 Rh2 55. Rxa5 h5 56. Kb4 h4 57. Rh5 h3 58. Kb5 Rh1 59. b4 h2 60. a5 Ke4 61. a6 Kd4 62. a7 Ra1 63. Kb6 1-0

[Event "YUG-chT"]
[Site "Vrnjacka Banja"]
[Date "1996.??.??"]
[Round "?"]
[White "Rakic, Tomislav"]
[Black "Buljovcic, Ivan"]
[Result "1-0"]
[WhiteElo "2365"]
[BlackElo "2340"]
[PlyCount "59"]
[EventDate "1996.??.??"]
[EventType "team"]
[EventRounds "11"]
[EventCountry "YUG"]
[SourceTitle "EXT 2000"]
[Source "ChessBase"]
[SourceDate "1999.11.16"]
[SourceVersion "1"]
[SourceVersionDate "1999.11.16"]
[SourceQuality "1"]

1. e4 c5 2. Nc3 Nc6 3. Nf3 g6 4. Bc4 Bg7 5. d3 d6 6. h3 h6 7. 0-0 e6 8. Bf4 Nge7 9. Nb5 e5 10. Bd2 0-0 11. a4 b6 12. a5 Rb8 13. axb6 axb6 14. b4 Kh7 15. Na7 Bb7 16. Nxc6 Bxc6 17. bxc5 bxc5 18. Ra7 f5 19. Ba5 Qe8 20. Bc7 Ra8 21. Rxa8 Bxa8 22. Bxd6 fxe4 23. dxe4 Bxe4 24. Nxe5 Rf5 25. Re1 Bb7 26. Bd3 Nc6 27. Bxf5 gxf5 28. Nf3 Qc8 29. Qd3 Nd4 30. Re7 1-0

[Event "YUG-chT"]
[Site "Vrnjacka Banja"]
[Date "1996.??.??"]
[Round "?"]
[White "Simonovic, Aleksandar"]
[Black "Buljovcic, Ivan"]
[Result "1-0"]
[WhiteElo "2355"]
[BlackElo "2340"]
[PlyCount "55"]
[EventDate "1996.??.??"]
[EventType "team"]
[EventRounds "11"]
[EventCountry "YUG"]
[SourceTitle "EXT 2000"]
[Source "ChessBase"]
[SourceDate "1999.11.16"]
[SourceVersion "1"]
[SourceVersionDate "1999.11.16"]
[SourceQuality "1"]

1. e4 c5 2. Nf3 d6 3. d4 cxd4 4. Nxd4 Nf6 5. Nc3 a6 6. Bg5 e6 7. f4 Qb6 8. Nb3 Nbd7 9. Qf3 Be7 10. 0-0-0 Qc7 11. Nd4 b5 12. Bxf6 Nxf6 13. Bd3 b4 14. Nce2 h5 15. Rhe1 Bb7 16. Kb1 Nd7 17. Ng3 g6 18. Qe2 e5 19. fxe5 Nxe5 20. Nf3 Nxd3 21. Rxd3 0-0 22. Nxh5 a5 23. Qd2 Kh7 24. Nd4 Rh8 25. Qf4 Kg8 26. Nf6+ Bxf6 27. Qxf6 Ba6 28. Nf5 1-0

[Event "YUG-chT2"]
[Site "Tivat"]
[Date "1995.??.??"]
[Round "1"]
[White "Buljovcic, Ivan"]
[Black "Jacimovic, Dragoljub"]
[Result "1/2-1/2"]
[WhiteElo "2370"]
[BlackElo "2425"]
[PlyCount "61"]
[EventDate "1995.??.??"]
[EventType "team"]
[EventRounds "11"]
[EventCountry "YUG"]
[SourceTitle "EXT 2002"]
[Source "ChessBase"]
[SourceDate "2001.11.25"]
[SourceVersion "1"]
[SourceVersionDate "2001.11.25"]
[SourceQuality "1"]

1. e4 e6 2. d4 d5 3. Nd2 Nf6 4. Bd3 c5 5. dxc5 dxe4 6. Nxe4 Nxe4 7. Bxe4 Qxd1+ 8. Kxd1 Bxc5 9. Ke2 Nc6 10. Nf3 Bd7 11. Be3 Be7 12. Nd4 Ne5 13. b3 0-0-0 14. Nf3 Nxf3 15. Bxf3 b6 16. Rad1 f5 17. c4 a5 18. h3 Bf6 19. Rd6 Kc7 20. Rhd1 Be7 21. R6d3 e5 22. Bh5 Bc6 23. Rxd8 Rxd8 24. Rxd8 Bxd8 25. f3 Kd6 26. Bf7 f4 27. Bc1 e4 28. Ba3+ Kd7 29. Bg8 exf3+ 30. gxf3 h5 31. Bf7 1/2-1/2

[Event "YUG-chT2"]
[Site "Tivat"]
[Date "1995.??.??"]
[Round "3"]
[White "Buljovcic, Ivan"]
[Black "Kurcubic, Aleksandar"]
[Result "0-1"]
[WhiteElo "2370"]
[BlackElo "2270"]
[PlyCount "82"]
[EventDate "1995.??.??"]
[EventType "team"]
[EventRounds "11"]
[EventCountry "YUG"]
[SourceTitle "EXT 2002"]
[Source "ChessBase"]
[SourceDate "2001.11.25"]
[SourceVersion "1"]
[SourceVersionDate "2001.11.25"]
[SourceQuality "1"]

1. e4 e5 2. Nf3 Nc6 3. Bb5 a6 4. Bxc6 dxc6 5. d4 exd4 6. Qxd4 Qxd4 7. Nxd4 Bd6 8. Nc3 Ne7 9. Bg5 f6 10. Be3 0-0 11. 0-0-0 f5 12. Bg5 Ng6 13. exf5 Bxf5 14. Nxf5 Rxf5 15. Be3 Re8 16. Rdf1 Nh4 17. g3 Nf3 18. Rd1 Kf7 19. Ne2 c5 20. h3 b5 21. b3 c4 22. Nd4 Nxd4 23. Bxd4 cxb3 24. axb3 a5 25. Rhe1 Rxe1 26. Rxe1 a4 27. bxa4 bxa4 28. Kb1 Rb5+ 29. Ka2 Rb4 30. Bb2 Rc4 31. Re2 h5 32. h4 g6 33. Ba3 Kf6 34. Bxd6 cxd6 35. Ka3 d5 36. Re3 Rxc2 37. Rf3+ Ke5 38. Kxa4 Rb2 39. Ka3 Rb6 40. Rf8 d4 41. Re8+ Kd5 0-1

[Event "Vojvodina-ch"]
[Site "Yugoslavia"]
[Date "1995.??.??"]
[Round "?"]
[White "Buljovcic, Ivan"]
[Black "Leskur, Dejan"]
[Result "0-1"]
[WhiteElo "2370"]
[BlackElo "2275"]
[PlyCount "124"]
[EventDate "1995.??.??"]
[EventType "swiss"]
[EventRounds "7"]
[EventCountry "YUG"]
[SourceTitle "EXT 2002"]
[Source "ChessBase"]
[SourceDate "2001.11.25"]
[SourceVersion "1"]
[SourceVersionDate "2001.11.25"]
[SourceQuality "1"]

1. e4 c5 2. Nf3 d6 3. d4 cxd4 4. Qxd4 a6 5. c4 Nc6 6. Qd2 g6 7. Nc3 Bh6 8. Qd3 Bxc1 9. Rxc1 Nf6 10. h3 0-0 11. Be2 Rb8 12. Qe3 Nd7 13. 0-0 f6 14. Nd5 a5 15. Rfd1 Nc5 16. b3 b6 17. a3 a4 18. b4 Nb3 19. Rb1 e5 20. Nc3 Ncd4 21. Nxa4 Nxf3+ 22. Bxf3 Nd4 23. Nc3 Be6 24. Be2 Rc8 25. Nb5 Nxe2+ 26. Qxe2 Bxc4 27. Qd2 d5 28. Rbc1 Qd7 29. a4 d4 30. Nxd4 exd4 31. Qxd4 Qxd4 32. Rxd4 b5 33. a5 Rfd8 34. Rcd1 Rxd4 35. Rxd4 Be6 36. Rd6 Kf7 37. Rb6 Bd7 38. a6 Rc1+ 39. Kh2 Ra1 40. g4 Ke7 41. f4 Ra4 42. f5 gxf5 43. gxf5 Rxb4 44. e5 Bxf5 45. exf6+ Kf7 46. a7 Be4 47. Rb8 Ra4 48. Rxb5 Kxf6 49. Kg3 Rxa7 50. Kf4 Bg6 51. Rb6+ Kg7 52. Rb4 Re7 53. Ra4 Rf7+ 54. Kg5 Rf5+ 55. Kh4 Re5 56. Ra7+ Kf6 57. Ra6+ Re6 58. Ra3 Re4+ 59. Kg3 h5 60. Ra6+ Kg5 61. Ra5+ Bf5 62. h4+ Kf6 0-1

[Event "YUG-chT2"]
[Site "Tivat"]
[Date "1995.??.??"]
[Round "4"]
[White "Kontic, Djordjije"]
[Black "Buljovcic, Ivan"]
[Result "1/2-1/2"]
[WhiteElo "2400"]
[BlackElo "2370"]
[PlyCount "68"]
[EventDate "1995.??.??"]
[EventType "team"]
[EventRounds "11"]
[EventCountry "YUG"]
[SourceTitle "EXT 2002"]
[Source "ChessBase"]
[SourceDate "2001.11.25"]
[SourceVersion "1"]
[SourceVersionDate "2001.11.25"]
[SourceQuality "1"]

1. e4 c5 2. Ne2 d6 3. Nbc3 Nf6 4. g3 g6 5. Bg2 Nc6 6. 0-0 Bg7 7. d3 0-0 8. h3 Ne8 9. Be3 Nd4 10. Rb1 Nc7 11. b4 b6 12. bxc5 dxc5 13. f4 Ba6 14. e5 Rb8 15. Bf2 Bb7 16. Bxb7 Rxb7 17. Nxd4 cxd4 18. Qf3 Rb8 19. Ne2 Qd7 20. Nxd4 Rbc8 21. Kh2 f6 22. exf6 Bxf6 23. Qe4 Nd5 24. Qe6+ Qxe6 25. Nxe6 Rfe8 26. c4 Nc3 27. Rb3 Nxa2 28. g4 Rc6 29. f5 gxf5 30. gxf5 Nc3 31. Rc1 Ne2 32. Re1 Nc3 33. Rc1 Ne2 34. Re1 Nc3 1/2-1/2

[Event "YUG-chT2"]
[Site "Tivat"]
[Date "1995.??.??"]
[Round "6"]
[White "Medar, Zeljko"]
[Black "Buljovcic, Ivan"]
[Result "1/2-1/2"]
[WhiteElo "2300"]
[BlackElo "2370"]
[PlyCount "32"]
[EventDate "1995.??.??"]
[EventType "team"]
[EventRounds "11"]
[EventCountry "YUG"]
[SourceTitle "EXT 2002"]
[Source "ChessBase"]
[SourceDate "2001.11.25"]
[SourceVersion "1"]
[SourceVersionDate "2001.11.25"]
[SourceQuality "1"]

1. Nf3 c5 2. g3 b6 3. Bg2 Bb7 4. 0-0 e6 5. d3 Nc6 6. e4 Nf6 7. Re1 Be7 8. Nc3 0-0 9. Be3 Rc8 10. d4 cxd4 11. Nxd4 d6 12. Nxc6 Bxc6 13. f4 Qc7 14. Bf2 Rfd8 15. Qe2 Qb7 16. Rad1 b5 1/2-1/2

[Event "YUG-chT"]
[Site "Igalo"]
[Date "1994.??.??"]
[Round "2"]
[White "Buljovcic, Ivan"]
[Black "Cvetkovic, Srdjan"]
[Result "0-1"]
[WhiteElo "2380"]
[BlackElo "2470"]
[PlyCount "82"]
[EventDate "1994.??.??"]
[EventType "team"]
[EventRounds "9"]
[EventCountry "YUG"]
[SourceTitle "EXT 2002"]
[Source "ChessBase"]
[SourceDate "2001.11.25"]
[SourceVersion "1"]
[SourceVersionDate "2001.11.25"]
[SourceQuality "1"]

1. e4 d6 2. d4 Nf6 3. Nc3 e5 4. Nge2 c6 5. g3 Be7 6. Bg2 b5 7. 0-0 0-0 8. a3 Nbd7 9. f4 Bb7 10. h3 a6 11. Qe1 Re8 12. dxe5 dxe5 13. Be3 Bc5 14. Qf2 Bxe3 15. Qxe3 Qb6 16. Qxb6 Nxb6 17. fxe5 Nfd7 18. b3 Nxe5 19. Rad1 a5 20. Nd4 b4 21. axb4 axb4 22. Nce2 g6 23. Rfe1 Nbd7 24. Nf4 Ra2 25. Ra1 Rea8 26. Rxa2 Rxa2 27. Rc1 Ba6 28. Nf3 Nxf3+ 29. Bxf3 Ne5 30. Be2 Bxe2 31. Nxe2 c5 32. Kf2 f6 33. Ke3 g5 34. Ng1 Kf7 35. Nf3 Nxf3 36. Kxf3 c4 37. bxc4 Ra3+ 38. Kg4 Kg6 39. h4 h5+ 40. Kh3 g4+ 41. Kh2 Rc3 0-1

[Event "YUG-chT"]
[Site "Igalo"]
[Date "1994.??.??"]
[Round "3"]
[White "Nikolic, Zivoslav"]
[Black "Buljovcic, Ivan"]
[Result "1/2-1/2"]
[WhiteElo "2485"]
[BlackElo "2380"]
[PlyCount "32"]
[EventDate "1994.??.??"]
[EventType "team"]
[EventRounds "9"]
[EventCountry "YUG"]
[SourceTitle "EXT 2002"]
[Source "ChessBase"]
[SourceDate "2001.11.25"]
[SourceVersion "1"]
[SourceVersionDate "2001.11.25"]
[SourceQuality "1"]

1. g3 d5 2. Nf3 c6 3. Bg2 Bg4 4. 0-0 Nd7 5. d3 e5 6. h3 Bh5 7. e4 dxe4 8. dxe4 Bc5 9. Nbd2 f6 10. Qe2 Qc7 11. Nc4 Ne7 12. Ne3 0-0 13. b4 Bb6 14. Nc4 a5 15. Nxb6 Nxb6 16. c3 Bf7 1/2-1/2

[Event "Novi Sad op"]
[Site "Novi Sad"]
[Date "1989.??.??"]
[Round "8"]
[White "Guzijan, Miodrag"]
[Black "Buljovcic, Ivan"]
[Result "1-0"]
[WhiteElo "2290"]
[BlackElo "2430"]
[PlyCount "63"]
[EventDate "1989.??.??"]
[EventType "swiss"]
[EventRounds "9"]
[EventCountry "YUG"]
[SourceTitle "EXT 2000"]
[Source "ChessBase"]
[SourceDate "1999.11.16"]
[SourceVersion "1"]
[SourceVersionDate "1999.11.16"]
[SourceQuality "1"]

1. e4 c5 2. c3 Nf6 3. e5 Nd5 4. d4 cxd4 5. Nf3 Nc6 6. Bc4 Nb6 7. Bb3 d6 8. exd6 Qxd6 9. Na3 a6 10. 0-0 e6 11. Nxd4 Nxd4 12. cxd4 Bd7 13. Re1 Be7 14. d5 Nxd5 15. Nc4 Qc7 16. Ne5 Bc6 17. Qh5 0-0 18. Bd2 Bf6 19. Ng4 Bxb2 20. Rab1 g6 21. Qh4 Bg7 22. Bh6 Qd6 23. Qh3 Rac8 24. Rbd1 Rc7 25. Rd3 Rd7 26. Bxg7 Kxg7 27. Qh6+ Kg8 28. Ne5 Rc7 29. Rh3 f5 30. Nxg6 Rf6 31. Qg5 Rg7 32. Rxh7 1-0

[Event "Belgrade GMA op"]
[Site "Belgrade"]
[Date "1988.??.??"]
[Round "?"]
[White "Buljovcic, Ivan"]
[Black "Voiska, Margarita"]
[Result "1/2-1/2"]
[WhiteElo "2425"]
[BlackElo "2350"]
[PlyCount "124"]
[EventDate "1988.12.??"]
[EventType "swiss"]
[EventRounds "9"]
[EventCountry "YUG"]
[SourceTitle "TD"]
[Source "ChessBase"]
[SourceDate "1994.03.01"]
[SourceVersion "1"]
[SourceVersionDate "1994.03.01"]
[SourceQuality "1"]

1. e4 e6 2. d4 d5 3. Nd2 Nf6 4. Bd3 c5 5. e5 Nfd7 6. c3 Nc6 7. Ne2 Qb6 8. Nf3 cxd4 9. cxd4 f6 10. exf6 Nxf6 11. 0-0 Bd6 12. Nc3 0-0 13. Be3 Bd7 14. a3 Kh8 15. h3 Rac8 16. Rc1 Qd8 17. Re1 Qe8 18. b4 Qh5 19. Be2 Qg6 20. Qd3 Qe8 21. Qb1 Bb8 22. Ng5 Qe7 23. Bd3 Qd6 24. g3 h6 25. Bf4 Qe7 26. Bxb8 Rxb8 27. Nf3 Qf7 28. Bg6 Qg8 29. Re3 a6 30. Rce1 Nh7 31. Ne2 Rf6 32. Nf4 Rbf8 33. Nh4 Ne7 34. Nxe6 Bxe6 35. Bxh7 Qxh7 36. Qxh7+ Kxh7 37. Rxe6 Nc6 38. Rxf6 Rxf6 39. Rd1 Na7 40. Rd3 Rc6 41. Nf5 Nb5 42. Ne3 Rd6 43. Kf1 Kg6 44. Ke2 Kf6 45. a4 Na7 46. Rb3 Ke6 47. Kd3 Nc6 48. Rb1 Ne7 49. Re1 Kd7 50. Ng4 Nc6 51. Ne5+ Nxe5+ 52. Rxe5 Kc6 53. h4 Rf6 54. Ke3 Kd6 55. Re8 Rf7 56. Rd8+ Ke6 57. b5 axb5 58. axb5 Rc7 59. Rb8 Kd6 60. Rd8+ Ke6 61. Rg8 Re7 62. Rd8 Rc7 1/2-1/2